[Event "Tata Steel Masters"]
[Date "2026.01.24"]
[White "Keymer, Vincent"]
[Black "Sindarov, Javokhir"]
[WhiteElo "2776"]
[BlackElo "2726"]
[Round "8.8.4"]
[Result "1/2-1/2"]

d4 {[%clk 01:59:57] [%emt 00:00:01]} Nf6 {[%clk 01:59:55] [%emt 00:00:05]} Nf3
{[%clk 01:59:54] [%emt 00:00:03]} g6 {[%clk 01:59:50] [%emt 00:00:06]} g3 {[%clk
01:57:59] [%emt 00:01:55]} c5 {[%clk 01:59:17] [%emt 00:00:33]} Bg2 {[%clk
01:53:42] [%emt 00:04:16]} cxd4 {[%clk 01:59:01] [%emt 00:00:17]} Nxd4 {[%clk
01:53:36] [%emt 00:00:06]} Bg7 {[%clk 01:58:46] [%emt 00:00:15]} c4 {[%clk
01:53:24] [%emt 00:00:12]} Nc6 {[%clk 01:58:28] [%emt 00:00:18]} Nc3 {[%clk
01:52:33] [%emt 00:00:51]} h5 {[%clk 01:58:22] [%emt 00:00:06]} O-O {[%clk
01:42:37] [%emt 00:09:56]} h4 {[%clk 01:57:59] [%emt 00:00:22]} Bf4 {[%clk
01:42:17] [%emt 00:00:20]} hxg3 {[%clk 01:41:00] [%emt 00:16:59]} hxg3 {[%clk
01:40:48] [%emt 00:01:30]} Nh5 {[%clk 01:40:54] [%emt 00:00:06]} Be3 {[%clk
01:37:48] [%emt 00:02:59]} Nf6 {[%clk 01:40:35] [%emt 00:00:19]} Nd5 {[%clk
01:26:12] [%emt 00:11:37]} O-O {[%clk 01:25:03] [%emt 00:15:32]} Nxf6+ {[%clk
01:08:20] [%emt 00:17:52]} Bxf6 {[%clk 01:24:49] [%emt 00:00:14]} Qd2 {[%clk
01:07:44] [%emt 00:00:37]} Ne5 {[%clk 01:18:02] [%emt 00:06:47]} Rac1 {[%clk
01:06:39] [%emt 00:01:05]} d6 {[%clk 01:17:37] [%emt 00:00:25]} Rfd1 {[%clk
01:02:07] [%emt 00:04:32]} Ng4 {[%clk 01:11:11] [%emt 00:06:27]} Bg5 {[%clk
00:35:53] [%emt 00:26:14]} e5 {[%clk 01:10:08] [%emt 00:01:03]} Bxf6 {[%clk
00:35:49] [%emt 00:00:04]} Qxf6 {[%clk 01:10:02] [%emt 00:00:06]} f3 {[%clk
00:35:43] [%emt 00:00:06]} exd4 {[%clk 01:09:18] [%emt 00:00:44]} fxg4 {[%clk
00:35:41] [%emt 00:00:03]} Bxg4 {[%clk 01:04:11] [%emt 00:05:07]} Qxd4 {[%clk
00:35:37] [%emt 00:00:04]} Qg5 {[%clk 01:04:04] [%emt 00:00:06]} Kf2 {[%clk
00:30:01] [%emt 00:05:37]} Rfe8 {[%clk 00:56:30] [%emt 00:07:34]} Bf3 {[%clk
00:29:57] [%emt 00:00:04]} Bxf3 {[%clk 00:55:56] [%emt 00:00:33]} exf3 {[%clk
00:29:56] [%emt 00:00:01]} b6 {[%clk 00:45:54] [%emt 00:10:02]} Rd2 {[%clk
00:22:35] [%emt 00:07:21]} Re6 {[%clk 00:38:42] [%emt 00:07:11]} Rh1 {[%clk
00:21:58] [%emt 00:00:38]} Qe5 {[%clk 00:38:32] [%emt 00:00:10]} Qxe5 {[%clk
00:18:26] [%emt 00:03:32]} dxe5 {[%clk 00:38:15] [%emt 00:00:16]} Ke3 {[%clk
00:18:22] [%emt 00:00:04]} Kg7 {[%clk 00:36:12] [%emt 00:02:03]} g4 {[%clk
00:17:25] [%emt 00:00:57]} Rf6 {[%clk 00:33:13] [%emt 00:02:59]} b3 {[%clk
00:12:07] [%emt 00:05:19]} Rf4 {[%clk 00:30:53] [%emt 00:02:19]} Rd7 {[%clk
00:09:42] [%emt 00:02:26]} Re8 {[%clk 00:17:27] [%emt 00:13:25]} g5 {[%clk
00:09:38] [%emt 00:00:04]} Rf5 {[%clk 00:16:08] [%emt 00:01:19]} Rg1 {[%clk
00:09:14] [%emt 00:00:25]} a5 {[%clk 00:13:36] [%emt 00:02:31]} Rd6 {[%clk
00:08:53] [%emt 00:00:21]} Rb8 {[%clk 00:13:28] [%emt 00:00:08]} a4 {[%clk
00:06:47] [%emt 00:02:07]} Kf8 {[%clk 00:12:46] [%emt 00:00:42]} Rd5 {[%clk
00:06:36] [%emt 00:00:11]} Rc8 {[%clk 00:12:18] [%emt 00:00:28]} Rd6 {[%clk
00:06:31] [%emt 00:00:04]} Rb8 {[%clk 00:12:15] [%emt 00:00:03]} Rd7 {[%clk
00:04:03] [%emt 00:02:28]} Rc8 {[%clk 00:11:29] [%emt 00:00:46]} Rgd1 {[%clk
00:02:59] [%emt 00:01:05]} Rxg5 {[%clk 00:10:51] [%emt 00:00:38]} R1d6 {[%clk
00:33:23] [%emt 00:00:06]} Kg7 {[%clk 00:33:06] [%emt 00:08:15]} Rxb6 {[%clk
00:33:48] [%emt 00:00:05]} Rf5 {[%clk 00:31:52] [%emt 00:01:44]} Rb5 {[%clk
00:23:59] [%emt 00:10:19]} Rh8 {[%clk 00:32:09] [%emt 00:00:13]} Rd2 {[%clk
00:21:45] [%emt 00:02:43]} Rh3 {[%clk 00:31:24] [%emt 00:01:15]} Rf2 {[%clk
00:22:12] [%emt 00:00:04]} g5 {[%clk 00:31:26] [%emt 00:00:27]} Ke2 {[%clk
00:20:23] [%emt 00:02:20]} Rh1 {[%clk 00:28:30] [%emt 00:03:26]} Ke3 {[%clk
00:15:17] [%emt 00:05:36]} Re1+ {[%clk 00:27:38] [%emt 00:01:22]} Kd2 {[%clk
00:15:27] [%emt 00:00:20]} Ra1 {[%clk 00:27:22] [%emt 00:00:44]} Ke3 {[%clk
00:15:01] [%emt 00:00:57]}

[Site "Europe Echecs"]

[Event "Tata Steel Masters"]
[Date "2026.01.24"]
[White "Abdusattorov, Nodirbek"]
[Black "Giri, Anish"]
[WhiteElo "2751"]
[BlackElo "2760"]
[Round "8.8.5"]
[Result "0-1"]

d4 {[%clk 01:59:52] [%emt 00:00:07]} Nf6 {[%clk 01:59:55] [%emt 00:00:06]} c4
{[%clk 01:59:37] [%emt 00:00:15]} e6 {[%clk 01:59:48] [%emt 00:00:06]} Nc3
{[%clk 01:58:15] [%emt 00:01:22]} Bb4 {[%clk 01:59:14] [%emt 00:00:35]} Nf3
{[%clk 01:58:09] [%emt 00:00:06]} d5 {[%clk 01:58:33] [%emt 00:00:41]} cxd5
{[%clk 01:57:34] [%emt 00:00:34]} exd5 {[%clk 01:58:24] [%emt 00:00:09]} Bf4
{[%clk 01:57:23] [%emt 00:00:12]} Ne4 {[%clk 01:57:49] [%emt 00:00:35]} Rc1
{[%clk 01:54:38] [%emt 00:02:45]} Nc6 {[%clk 01:57:27] [%emt 00:00:22]} Nd2
{[%clk 01:52:40] [%emt 00:01:58]} g5 {[%clk 01:56:47] [%emt 00:00:40]} Be3
{[%clk 01:52:03] [%emt 00:00:37]} Nxc3 {[%clk 01:56:26] [%emt 00:00:21]} bxc3
{[%clk 01:51:58] [%emt 00:00:05]} Ba3 {[%clk 01:56:12] [%emt 00:00:13]} Rb1
{[%clk 01:51:51] [%emt 00:00:08]} f5 {[%clk 01:56:01] [%emt 00:00:11]} g3 {[%clk
01:51:41] [%emt 00:00:10]} Bd6 {[%clk 01:54:43] [%emt 00:01:17]} Nf3 {[%clk
01:51:02] [%emt 00:00:39]} f4 {[%clk 01:52:54] [%emt 00:01:50]} Bc1 {[%clk
01:50:56] [%emt 00:00:06]} O-O {[%clk 01:43:10] [%emt 00:09:44]} Rb5 {[%clk
01:50:39] [%emt 00:00:18]} g4 {[%clk 01:29:03] [%emt 00:14:06]} Nh4 {[%clk
01:50:25] [%emt 00:00:14]} Ne7 {[%clk 01:22:29] [%emt 00:06:34]} e3 {[%clk
01:47:26] [%emt 00:02:59]} c6 {[%clk 01:09:31] [%emt 00:12:57]} Rb2 {[%clk
01:44:33] [%emt 00:02:54]} f3 {[%clk 01:06:36] [%emt 00:02:56]} h3 {[%clk
01:39:39] [%emt 00:04:53]} b5 {[%clk 01:03:29] [%emt 00:03:07]} Qd3 {[%clk
01:21:33] [%emt 00:18:07]} Rf7 {[%clk 01:00:54] [%emt 00:02:35]} Kd1 {[%clk
01:19:50] [%emt 00:01:43]} Rb8 {[%clk 00:48:42] [%emt 00:12:12]} hxg4 {[%clk
00:56:08] [%emt 00:23:42]} Bxg4 {[%clk 00:48:30] [%emt 00:00:11]} Bh3 {[%clk
00:56:02] [%emt 00:00:06]} Bxh3 {[%clk 00:46:36] [%emt 00:01:54]} Rxh3 {[%clk
00:55:49] [%emt 00:00:14]} Qd7 {[%clk 00:46:30] [%emt 00:00:07]} Rh1 {[%clk
00:55:27] [%emt 00:00:21]} Qg4 {[%clk 00:44:40] [%emt 00:01:50]} Kc2 {[%clk
00:53:39] [%emt 00:01:48]} Ba3 {[%clk 00:38:54] [%emt 00:05:45]} Rb3 {[%clk
00:46:27] [%emt 00:07:12]} Bxc1 {[%clk 00:38:46] [%emt 00:00:09]} Kxc1 {[%clk
00:46:07] [%emt 00:00:20]} Nc8 {[%clk 00:38:35] [%emt 00:00:10]} Qf1 {[%clk
00:46:02] [%emt 00:00:05]} Kg7 {[%clk 00:36:36] [%emt 00:01:59]} Qd1 {[%clk
00:34:20] [%emt 00:11:42]} h5 {[%clk 00:34:54] [%emt 00:01:42]} e4 {[%clk
00:34:16] [%emt 00:00:05]} dxe4 {[%clk 00:34:00] [%emt 00:00:53]} d5 {[%clk
00:33:05] [%emt 00:01:11]} Qg5+ {[%clk 00:33:02] [%emt 00:00:58]} Kb1 {[%clk
00:32:51] [%emt 00:00:13]} Qxd5 {[%clk 00:31:50] [%emt 00:01:12]} c4 {[%clk
00:31:39] [%emt 00:01:13]} Qxd1+ {[%clk 00:30:15] [%emt 00:01:35]} Rxd1 {[%clk
00:31:38] [%emt 00:00:01]} Nb6 {[%clk 00:21:33] [%emt 00:08:42]} cxb5 {[%clk
00:31:31] [%emt 00:00:06]} Na4 {[%clk 00:19:43] [%emt 00:01:50]} Rd4 {[%clk
00:08:27] [%emt 00:23:04]} Nc5 {[%clk 00:16:34] [%emt 00:03:09]} Rc3 {[%clk
00:08:25] [%emt 00:00:02]} Rxb5+ {[%clk 00:16:06] [%emt 00:00:28]} Kc2 {[%clk
00:08:22] [%emt 00:00:03]} Rfb7 {[%clk 00:14:05] [%emt 00:02:01]} Rcc4 {[%clk
00:31:48] [%emt 00:07:04]} Kf6 {[%clk 00:39:11] [%emt 00:05:24]} Kc3 {[%clk
00:26:28] [%emt 00:05:50]} Rb1 {[%clk 00:35:14] [%emt 00:04:27]} Rd2 {[%clk
00:24:38] [%emt 00:02:21]} Rc1+ {[%clk 00:23:33] [%emt 00:12:11]} Rc2 {[%clk
00:25:03] [%emt 00:00:04]} Rxc2+ {[%clk 00:23:29] [%emt 00:00:34]} Kxc2 {[%clk
00:25:32] [%emt 00:00:01]} Rb5 {[%clk 00:23:09] [%emt 00:00:50]} Kc3 {[%clk
00:23:06] [%emt 00:02:56]} Ke5 {[%clk 00:21:41] [%emt 00:01:57]} Ng6+ {[%clk
00:22:55] [%emt 00:00:42]} Kd6 {[%clk 00:21:55] [%emt 00:00:16]} Kd4 {[%clk
00:20:27] [%emt 00:02:58]} Rb2 {[%clk 00:18:14] [%emt 00:04:10]} Rxc5 {[%clk
00:11:07] [%emt 00:09:51]} Rb4+ {[%clk 00:16:13] [%emt 00:02:31]} Rc4 {[%clk
00:11:35]} c5+ {[%clk 00:15:21] [%emt 00:01:22]} Kc3 {[%clk 00:12:04] [%emt
00:00:01]} e3 {[%clk 00:14:12] [%emt 00:01:39]} Rh4 {[%clk 00:12:29] [%emt
00:00:05]} Rb1 {[%clk 00:12:26] [%emt 00:02:15]}

[Site "Europe Echecs"]

[Event "Tata Steel Masters"]
[Date "2026.01.24"]
[White "Erdogmus, Yagiz Kaan"]
[Black "Praggnanandhaa R"]
[WhiteElo "2658"]
[BlackElo "2758"]
[Round "8.8.6"]
[Result "1/2-1/2"]

e4 {[%clk 01:59:54] [%emt 00:00:06]} c5 {[%clk 01:58:47] [%emt 00:01:11]} Nf3
{[%clk 01:59:46] [%emt 00:00:08]} Nc6 {[%clk 01:58:36] [%emt 00:00:11]} Bb5
{[%clk 01:59:40] [%emt 00:00:06]} e6 {[%clk 01:58:30] [%emt 00:00:05]} Bxc6
{[%clk 01:58:47] [%emt 00:00:54]} bxc6 {[%clk 01:58:24] [%emt 00:00:06]} b3
{[%clk 01:58:38] [%emt 00:00:09]} e5 {[%clk 01:57:54] [%emt 00:00:30]} Nxe5
{[%clk 01:56:59] [%emt 00:01:39]} Qe7 {[%clk 01:57:42] [%emt 00:00:12]} Bb2
{[%clk 01:40:39] [%emt 00:16:21]} f6 {[%clk 01:57:23] [%emt 00:00:19]} Ng4
{[%clk 01:32:52] [%emt 00:07:47]} Qxe4+ {[%clk 01:56:47] [%emt 00:00:36]} Ne3
{[%clk 01:32:23] [%emt 00:00:29]} d5 {[%clk 01:56:02] [%emt 00:00:44]} O-O
{[%clk 01:29:48] [%emt 00:02:35]} Ne7 {[%clk 01:54:01] [%emt 00:02:01]} Nc3
{[%clk 01:04:14] [%emt 00:25:36]} Qh4 {[%clk 01:52:09] [%emt 00:01:51]} Re1
{[%clk 00:42:42] [%emt 00:21:33]} Kf7 {[%clk 01:47:13] [%emt 00:04:56]} Qf3
{[%clk 00:32:26] [%emt 00:10:16]} Qg5 {[%clk 01:18:05] [%emt 00:29:07]} Na4
{[%clk 00:29:41] [%emt 00:02:46]} Ng6 {[%clk 00:52:01] [%emt 00:26:04]} Qg3
{[%clk 00:28:11] [%emt 00:01:30]} Qxg3 {[%clk 00:50:47] [%emt 00:01:13]} hxg3
{[%clk 00:28:10] [%emt 00:00:01]} Ne5 {[%clk 00:42:02] [%emt 00:08:44]} Ba3
{[%clk 00:27:45] [%emt 00:00:25]} c4 {[%clk 00:41:10] [%emt 00:00:52]} Bxf8
{[%clk 00:26:10] [%emt 00:01:35]} Rxf8 {[%clk 00:41:08] [%emt 00:00:02]} f4
{[%clk 00:24:23] [%emt 00:01:47]} Ng4 {[%emt 00:00:52]} bxc4 {[%clk 00:24:00]
[%emt 00:00:23]} Nxe3 {[%clk 00:38:36] [%emt 00:01:39]} Rxe3 {[%clk 00:23:45]
[%emt 00:00:15]} dxc4 {[%clk 00:35:22] [%emt 00:03:15]} Nb2 {[%clk 00:16:34]
[%emt 00:07:11]} Be6 {[%clk 00:30:27] [%emt 00:04:54]} Rae1 {[%clk 00:15:20]
[%emt 00:01:14]} Rfe8 {[%clk 00:29:02] [%emt 00:01:24]} Rc3 {[%clk 00:13:15]
[%emt 00:02:06]} Bd5 {[%clk 00:19:20] [%emt 00:09:43]} Rxe8 {[%clk 00:11:43]
[%emt 00:01:32]} Rxe8 {[%clk 00:19:17] [%emt 00:00:02]} Nxc4 {[%clk 00:09:57]
[%emt 00:01:46]} Re2 {[%clk 00:18:31] [%emt 00:00:46]} Ne3 {[%clk 00:09:54]
[%emt 00:00:04]} Rxd2 {[%clk 00:17:42] [%emt 00:00:49]} Ra3 {[%clk 00:09:49]
[%emt 00:00:04]} Kg6 {[%clk 00:15:32] [%emt 00:02:11]} Kf1 {[%clk 00:08:33]
[%emt 00:01:17]} h5 {[%clk 00:12:48] [%emt 00:02:43]} Rxa7 {[%clk 00:08:14]
[%emt 00:00:19]} Be4 {[%clk 00:12:24] [%emt 00:00:23]} Ra3 {[%clk 00:06:42]
[%emt 00:01:32]} Rd7 {[%clk 00:11:07] [%emt 00:01:17]} Ra4 {[%clk 00:06:18]
[%emt 00:00:25]} Bd5 {[%clk 00:10:25] [%emt 00:00:41]} Ke2 {[%clk 00:06:04]
[%emt 00:00:14]} Be6 {[%clk 00:08:25] [%emt 00:02:00]} Ra5 {[%clk 00:04:59]
[%emt 00:01:06]} Kh6 {[%clk 00:07:43] [%emt 00:00:43]} a3 {[%clk 00:04:37] [%emt
00:00:21]} Bg4+ {[%clk 00:04:15] [%emt 00:03:28]} Ke1 {[%clk 00:03:58] [%emt
00:00:40]} Rd4 {[%clk 00:03:11] [%emt 00:01:02]} Rc5 {[%clk 00:03:29] [%emt
00:00:29]} Ra4 {[%clk 00:03:01] [%emt 00:00:10]} Rc3 {[%clk 00:03:17] [%emt
00:00:12]} Bd7 {[%clk 00:02:52] [%emt 00:00:09]} Nc4 {[%clk 00:01:11] [%emt
00:02:07]} Be6 {[%clk 00:01:43] [%emt 00:01:08]} Nb2 {[%clk 00:31:12] [%emt
00:00:29]} Ra5 {[%clk 00:30:37] [%emt 00:01:36]} Nd3 {[%clk 00:22:54] [%emt
00:08:48]} Bd5 {[%clk 00:27:57] [%emt 00:03:10]} Kf2 {[%clk 00:22:42] [%emt
00:00:43]} Kg6 {[%clk 00:27:12] [%emt 00:01:15]} Nb4 {[%clk 00:22:22] [%emt
00:00:49]} Be4 {[%clk 00:23:03] [%emt 00:04:40]} Nxc6 {[%clk 00:17:02] [%emt
00:05:50]} Bxc6 {[%clk 00:23:24] [%emt 00:00:09]} Rxc6 {[%clk 00:17:26] [%emt
00:00:06]} Rxa3 {[%clk 00:23:51] [%emt 00:00:02]} Rc5 {[%emt 00:00:26]}

[Site "Europe Echecs"]

[Event "Tata Steel Masters"]
[Date "2026.01.24"]
[White "Bluebaum, Matthias"]
[Black "Nguyen, Thai Dai Van"]
[WhiteElo "2679"]
[BlackElo "2656"]
[Round "8.8.7"]
[Result "1/2-1/2"]

d4 {[%clk 01:59:57] [%emt 00:00:03]} Nf6 {[%clk 01:59:20] [%emt 00:00:41]} c4
{[%clk 01:59:47] [%emt 00:00:09]} e6 {[%clk 01:59:10] [%emt 00:00:10]} Nc3
{[%clk 01:59:43] [%emt 00:00:04]} d5 {[%clk 01:58:55] [%emt 00:00:15]} cxd5
{[%clk 01:59:37] [%emt 00:00:07]} Nxd5 {[%clk 01:58:43] [%emt 00:00:12]} e4
{[%clk 01:59:13] [%emt 00:00:23]} Nxc3 {[%clk 01:58:37] [%emt 00:00:06]} bxc3
{[%clk 01:59:09] [%emt 00:00:04]} c5 {[%clk 01:58:28] [%emt 00:00:09]} Rb1
{[%clk 01:58:23] [%emt 00:00:46]} Be7 {[%clk 01:58:07] [%emt 00:00:21]} Nf3
{[%clk 01:56:53] [%emt 00:01:31]} O-O {[%clk 01:57:38] [%emt 00:00:29]} Bd3
{[%clk 01:53:34] [%emt 00:03:18]} cxd4 {[%clk 01:41:18] [%emt 00:16:21]} cxd4
{[%clk 01:50:43] [%emt 00:02:51]} Nc6 {[%clk 01:41:12] [%emt 00:00:06]} Be2
{[%clk 01:47:44] [%emt 00:02:59]} Qa5+ {[%clk 01:20:46] [%emt 00:20:27]} Bd2
{[%clk 01:44:17] [%emt 00:03:26]} Bb4 {[%clk 01:20:23] [%emt 00:00:24]} Rxb4
{[%clk 01:31:45] [%emt 00:12:31]} Nxb4 {[%clk 01:20:16] [%emt 00:00:07]} Qb3
{[%clk 01:31:41] [%emt 00:00:04]} Qxa2 {[%clk 01:19:09] [%emt 00:01:07]} Qxb4
{[%clk 01:29:39] [%emt 00:02:02]} a5 {[%clk 00:54:38] [%emt 00:24:32]} Qb6
{[%clk 01:28:49] [%emt 00:00:50]} e5 {[%clk 00:33:26] [%emt 00:21:11]} Nxe5
{[%clk 01:15:32] [%emt 00:13:17]} a4 {[%clk 00:32:53] [%emt 00:00:34]} Qb4
{[%clk 01:07:00] [%emt 00:08:31]} Qa1+ {[%clk 00:22:43] [%emt 00:10:10]} Bd1
{[%clk 01:06:58] [%emt 00:00:02]} a3 {[%clk 00:19:19] [%emt 00:03:25]} Bc3
{[%clk 01:06:04] [%emt 00:00:53]} Qc1 {[%clk 00:18:52] [%emt 00:00:28]} Nd3
{[%clk 01:04:05] [%emt 00:01:59]} Qg5 {[%clk 00:17:32] [%emt 00:01:21]} O-O
{[%clk 01:03:52] [%emt 00:00:12]} a2 {[%clk 00:16:40] [%emt 00:00:53]} Ba1
{[%clk 00:59:09] [%emt 00:04:43]} Bh3 {[%clk 00:14:34] [%emt 00:02:06]} Bf3
{[%clk 00:57:43] [%emt 00:01:26]} Rfc8 {[%clk 00:12:40] [%emt 00:01:54]} d5
{[%clk 00:56:13] [%emt 00:01:30]} b5 {[%clk 00:11:00] [%emt 00:01:41]} e5 {[%clk
00:53:05] [%emt 00:03:08]} Ra4 {[%clk 00:06:43] [%emt 00:04:17]} Qxb5 {[%clk
00:51:47] [%emt 00:01:18]} Raa8 {[%clk 00:06:39] [%emt 00:00:04]} Be4 {[%clk
00:37:13] [%emt 00:14:34]} Rab8 {[%clk 00:05:18] [%emt 00:01:22]} Qa4 {[%clk
00:35:46] [%emt 00:01:27]} Qg4 {[%clk 00:03:48] [%emt 00:01:31]} f4 {[%clk
00:35:11] [%emt 00:00:34]} Qe2 {[%clk 00:02:58] [%emt 00:00:50]} gxh3 {[%clk
00:31:15] [%emt 00:03:56]} Rb1 {[%clk 00:02:40] [%emt 00:00:18]} Bg2 {[%clk
00:31:12] [%emt 00:00:03]} h5 {[%clk 00:01:24] [%emt 00:01:16]} e6 {[%clk
00:18:03] [%emt 00:13:09]} Qxd3 {[%clk 00:01:23]} Qa7 {[%clk 00:16:12] [%emt
00:01:51]} Rxa1 {[%clk 00:00:48] [%emt 00:00:35]} Rxa1 {[%clk 00:03:11] [%emt
00:13:01]} Qb1+ {[%clk 00:00:47] [%emt 00:00:01]} Bf1 {[%clk 00:03:04] [%emt
00:00:07]} Qxa1 {[%clk 00:00:46] [%emt 00:00:02]} Qxf7+ {[%clk 00:02:31] [%emt
00:00:31]} Kh8 {[%clk 00:00:41] [%emt 00:00:05]} Qxh5+ {[%clk 00:02:26] [%emt
00:00:06]} Kg8 {[%clk 00:00:40] [%emt 00:00:01]} Qf7+ {[%clk 00:02:18] [%emt
00:00:07]} Kh8 {[%clk 00:00:40]} Qh5+ {[%clk 00:32:37] [%emt 00:00:12]} Kg8
{[%clk 00:31:08] [%emt 00:00:02]} Qf7+ {[%clk 00:33:02] [%emt 00:00:04]}

[Site "Europe Echecs"]

[Event "Tata Steel Masters"]
[Date "2026.01.25"]
[White "Gukesh D"]
[Black "Bluebaum, Matthias"]
[WhiteElo "2754"]
[BlackElo "2679"]
[Round "9.9.1"]
[Result "0-1"]

e4 {[%clk 01:59:32] [%emt 00:00:26]} e5 {[%clk 01:59:54] [%emt 00:00:06]} Bc4
{[%clk 01:59:27] [%emt 00:00:05]} Nf6 {[%clk 01:59:45] [%emt 00:00:09]} d3
{[%clk 01:59:19] [%emt 00:00:08]} c6 {[%clk 01:59:23] [%emt 00:00:23]} Nf3
{[%clk 01:59:12] [%emt 00:00:06]} d5 {[%clk 01:59:19] [%emt 00:00:04]} Bb3
{[%clk 01:59:06] [%emt 00:00:06]} Bb4+ {[%clk 01:59:09] [%emt 00:00:09]} c3
{[%clk 01:58:52] [%emt 00:00:14]} Bd6 {[%clk 01:59:05] [%emt 00:00:04]} exd5
{[%clk 01:58:46] [%emt 00:00:06]} cxd5 {[%clk 01:58:33] [%emt 00:00:32]} O-O
{[%clk 01:58:40] [%emt 00:00:06]} O-O {[%clk 01:56:36] [%emt 00:01:57]} Bg5
{[%clk 01:58:35] [%emt 00:00:05]} Be6 {[%clk 01:55:55] [%emt 00:00:41]} c4
{[%clk 01:58:30] [%emt 00:00:06]} d4 {[%clk 01:55:19] [%emt 00:00:36]} Nbd2
{[%clk 01:58:23] [%emt 00:00:06]} Nbd7 {[%clk 01:49:46] [%emt 00:05:33]} Re1
{[%clk 01:58:17] [%emt 00:00:06]} Bf5 {[%clk 01:41:47] [%emt 00:07:59]} Ne4
{[%clk 01:40:17] [%emt 00:18:00]} Bxe4 {[%clk 01:35:55] [%emt 00:05:52]} Rxe4
{[%clk 01:40:12] [%emt 00:00:06]} h6 {[%clk 01:35:36] [%emt 00:00:18]} Bxf6
{[%clk 01:39:53] [%emt 00:00:19]} Qxf6 {[%clk 01:34:46] [%emt 00:00:50]} Re1
{[%clk 01:32:10] [%emt 00:07:43]} Nc5 {[%clk 01:25:40] [%emt 00:09:06]} Bc2
{[%clk 01:30:01] [%emt 00:02:10]} a5 {[%clk 01:25:10] [%emt 00:00:30]} Nd2
{[%clk 01:28:30] [%emt 00:01:30]} Bc7 {[%clk 01:17:11] [%emt 00:07:59]} b3
{[%clk 01:25:21] [%emt 00:03:09]} Qd6 {[%clk 01:12:47] [%emt 00:04:24]} Qh5
{[%clk 01:07:14] [%emt 00:18:07]} f5 {[%clk 01:09:05] [%emt 00:03:42]} Rad1
{[%clk 00:59:07] [%emt 00:08:07]} Rae8 {[%clk 01:03:45] [%emt 00:05:19]} Nf3
{[%clk 00:54:50] [%emt 00:04:18]} Qf6 {[%clk 00:56:16] [%emt 00:07:29]} a3
{[%clk 00:41:16] [%emt 00:13:34]} Ne6 {[%clk 00:49:35] [%emt 00:06:41]} Nd2
{[%clk 00:41:10] [%emt 00:00:06]} Bd6 {[%clk 00:40:49] [%emt 00:08:46]} Qf3
{[%clk 00:39:00] [%emt 00:02:10]} Rf7 {[%clk 00:40:07] [%emt 00:00:42]} c5
{[%clk 00:23:42] [%emt 00:15:19]} Bxc5 {[%clk 00:31:35] [%emt 00:08:32]} Nc4
{[%clk 00:23:29] [%emt 00:00:12]} e4 {[%clk 00:29:25] [%emt 00:02:12]} dxe4
{[%clk 00:22:22] [%emt 00:01:08]} Ng5 {[%clk 00:29:20] [%emt 00:00:05]} Qxf5
{[%clk 00:14:12] [%emt 00:08:09]} Qe7 {[%clk 00:29:03] [%emt 00:00:17]} Qg6
{[%clk 00:11:24] [%emt 00:02:49]} d3 {[%clk 00:28:05] [%emt 00:00:58]} Bxd3
{[%clk 00:11:22] [%emt 00:00:01]} Bxf2+ {[%clk 00:27:13] [%emt 00:00:52]} Kh1
{[%clk 00:11:19] [%emt 00:00:03]} Rf6 {[%clk 00:23:31] [%emt 00:03:42]} Qh5
{[%clk 00:11:15] [%emt 00:00:04]} Bxe1 {[%clk 00:23:25] [%emt 00:00:06]} Rxe1
{[%clk 00:11:04] [%emt 00:00:11]} b5 {[%clk 00:21:32] [%emt 00:01:54]} Nxa5
{[%clk 00:06:45] [%emt 00:04:19]} Ref8 {[%clk 00:17:50] [%emt 00:03:42]} h4
{[%clk 00:04:17] [%emt 00:02:28]} Qe5 {[%clk 00:14:13] [%emt 00:03:36]} Rg1
{[%clk 00:01:22] [%emt 00:02:55]} Qg3 {[%clk 00:13:09] [%emt 00:01:04]}

[Site "Europe Echecs"]